000 00987nam a22003137a 4500
003 CHAP
005 20220329143307.0
008 080303d2007 es o r 00110 spa d
010 _a94544
011 _a95516
020 _a9788428214308
035 _a106142
040 _cCHAP
082 0 0 _a584.5
_bM68
100 1 _aMota Ibáñez, Pedro.
_979061
245 1 0 _aPalmeras :
_bmorfología, cultivo y reproducción
_c/por Pedro Mota Ibáñez
260 _aBarcelona :
_bOmega,
_c2007
300 _a149 p. :
_bfotografías
590 _aBATCH-UPD
_b10
_c20130110
_lUCH01
_h0718
590 _aBATCH-UPD
_b10
_c20130410
_lUCH01
_h0403
590 _aBATCH-UPD
_b10
_c20130914
_lUCH01
_h1831
590 _aCONVERSION
_b10
_c20130109
_lUCH01
_h1352
650 1 4 _aMorfología vegetal.
_978772
650 1 4 _aPalmas.
_984969
650 1 4 _aPlantas
_xReproducción.
_988879
901 _aBK
942 _cLIBRO
949 _a584.5 M68
_bBC
_cLIBRO
_d33724002053040
_eLIBRO
_gI.c/e
_h109252
_i106142
_si
_t$377.00
999 _c94544
_d94544